[Event "POR-ch U16"]
[Site "Luso"]
[Date "2018.03.28"]
[Round "7"]
[White "Pino, Diogo Teixeira"]
[Black "Santos, Pedro Miguel"]
[Result "0-1"]
[WhiteElo "1076"]
[BlackElo "1151"]
[PlyCount "98"]
[EventDate "2018.03.24"]
[EventType "swiss"]
[EventRounds "7"]
[EventCountry "POR"]
[SourceTitle "EXT 2019"]
[Source "ChessBase"]
[SourceDate "2018.10.10"]
[SourceVersion "1"]
[SourceVersionDate "2018.10.10"]
[SourceQuality "1"]

1. e4 e5 2. Nf3 Nc6 3. d4 exd4 4. Nxd4 Nxd4 5. Qxd4 d6 6. Nc3 Nf6 7. Bf4 Be7 8. 0-0-0 0-0 9. Be2 b6 10. g4 h6 11. f3 Nd7 12. Nd5 Bg5 13. Kb1 Bxf4 14. Nxf4 Ne5 15. Qf2 Bb7 16. h4 g5 17. hxg5 Qxg5 18. Qh2 Kh7 19. Qg3 Ng6 20. Rh5 Qxf4 21. Qh3 Kg7 22. Rh1 Rh8 23. Qg2 f6 24. Rf5 Qe3 25. Rd1 Nf4 26. Qg3 Qxe2 27. Re1 Qd2 28. Qh4 Raf8 29. Rh1 Ba6 30. Rc1 Bd3 31. Qh1 Qg2 32. Qe1 Qe2 33. Qh1 Bxc2+ 34. Rxc2 Qe3 35. Rxc7+ Rf7 36. Rxf7+ Kxf7 37. Rxf4 Qxf4 38. Qh5+ Ke7 39. Qd5 Rb8 40. Qc4 Qxf3 41. Qc7+ Ke6 42. Qc4+ Ke5 43. Qd5+ Kf4 44. Qxd6+ Ke3 45. Qa3+ Kf2 46. Qd6 Qxe4+ 47. Kc1 Rc8+ 48. Kd2 Qe3+ 49. Kd1 Qe2# 0-1

[Event "Guimaraes op"]
[Site "Guimaraes"]
[Date "2017.09.02"]
[Round "1"]
[White "Pino, Diogo Teixeira"]
[Black "Monteiro, Jose Macedo"]
[Result "0-1"]
[WhiteElo "1105"]
[BlackElo "1904"]
[PlyCount "122"]
[EventDate "2017.09.02"]
[EventType "swiss"]
[EventRounds "7"]
[EventCountry "POR"]
[SourceTitle "CBM 180 Extra"]
[Source "ChessBase"]
[SourceDate "2017.10.06"]
[SourceVersion "1"]
[SourceVersionDate "2017.10.06"]
[SourceQuality "1"]

1. e4 e5 2. Nf3 Nf6 3. Nxe5 d6 4. Nf3 Nxe4 5. Qe2 Qe7 6. d3 Nf6 7. Qxe7+ Bxe7 8. Nc3 0-0 9. Be3 a6 10. Be2 Nc6 11. 0-0-0 d5 12. d4 b5 13. Bg5 Be6 14. Ne5 Nd8 15. h3 h6 16. Bh4 g5 17. Bg3 b4 18. Na4 Ne4 19. Bd3 Nxg3 20. fxg3 Kg7 21. b3 f5 22. Rdf1 Bd6 23. g4 Bxe5 24. dxe5 fxg4 25. Rxf8 Kxf8 26. hxg4 Kg7 27. Nc5 a5 28. Bf5 Bg8 29. Re1 Nc6 30. e6 Re8 31. Kd2 Re7 32. Na6 Bh7 33. Nc5 Bg6 34. Kd3 h5 35. Bxg6 Kxg6 36. gxh5+ Kxh5 37. Rh1+ Kg4 38. Rh6 Rg7 39. Rf6 Kg3 40. Rf7 Ne5+ 41. Kd4 Nxf7 42. e7 Nd6 43. Ne6 Rxe7 44. Nxg5 Ne4 45. Nxe4+ Rxe4+ 46. Kxd5 Re2 47. Kc6 Rxc2+ 48. Kb5 Rxa2 49. Kc4 Rb2 50. Kb5 Rxb3 51. Kxa5 c5 52. Kb5 Rc3 53. Ka4 Ra3+ 54. Kb5 b3 55. Kc4 b2 56. Kxc5 b1Q 57. Kd5 Qb4 58. Kc6 Ra5 59. Kc7 Ra6 60. Kc8 Ra7 61. Kd8 Qb8# 0-1

[Event "POR-ch U14"]
[Site "Luso"]
[Date "2017.04.12"]
[Round "8"]
[White "Borges, Afonso Maria de Alm"]
[Black "Pino, Diogo Teixeira"]
[Result "0-1"]
[WhiteElo "1160"]
[BlackElo "1069"]
[PlyCount "56"]
[EventDate "2017.04.08"]
[EventType "swiss"]
[EventRounds "8"]
[EventCountry "POR"]
[SourceTitle "EXT 2018"]
[Source "ChessBase"]
[SourceDate "2017.10.13"]
[SourceVersion "1"]
[SourceVersionDate "2017.10.13"]
[SourceQuality "1"]

1. e4 e5 2. Nf3 Nc6 3. Bc4 Bc5 4. c3 d6 5. d4 Bb6 6. Ng5 Nh6 7. dxe5 dxe5 8. Qxd8+ Nxd8 9. 0-0 f6 10. Nf3 Ndf7 11. Bxh6 Nxh6 12. Nbd2 Bd7 13. h3 0-0-0 14. Rfe1 g5 15. g4 Ng8 16. a4 a6 17. b4 Ne7 18. b5 a5 19. Bb3 Ng6 20. Rec1 Nf4 21. Kh2 Bxf2 22. Ra2 Be3 23. c4 Be6 24. Rcc2 h5 25. Kg3 Ne2+ 26. Kg2 hxg4 27. hxg4 Nf4+ 28. Kg3 Rh3# 0-1